ARRUPE JESUIT UNIVERSITY

CORONAVIRUS -STOP THE SPREAD - CLEAN,DISINFECT,COVER

On Descartes' metaphysical prism : (Record no. 123792)

MARC details
000 -LEADER
fixed length control field 01163cam a2200289 a 4500
001 - CONTROL NUMBER
control field 1671617
005 - DATE AND TIME OF LATEST TRANSACTION
control field 20151113113723.0
008 - FIXED-LENGTH DATA ELEMENTS--GENERAL INFORMATION
fixed length control field 980710s1999 ilu b 001 0 eng
010 ## - LIBRARY OF CONGRESS CONTROL NUMBER
LC control number 98035104
020 ## - INTERNATIONAL STANDARD BOOK NUMBER
International Standard Book Number 0226505383 (hardcover : alk. paper)
020 ## - INTERNATIONAL STANDARD BOOK NUMBER
International Standard Book Number 0226505391 (pbk. : alk. paper)
040 ## - CATALOGING SOURCE
Original cataloging agency DLC
Transcribing agency DLC
Modifying agency DLC
041 1# - LANGUAGE CODE
Language code of text/sound track or separate title eng
Language code of original and/or intermediate translations of text fre
050 00 - LIBRARY OF CONGRESS CALL NUMBER
Classification number B1878.M5
Item number M3713 1999
082 00 - DEWEY DECIMAL CLASSIFICATION NUMBER
Classification number 110/.92
Edition number 21
100 1# - MAIN ENTRY--PERSONAL NAME
Personal name Marion, Jean-Luc,
Dates associated with a name 1946-
9 (RLIN) 8771
240 10 - UNIFORM TITLE
Uniform title <a href="Sur le prisme métaphysique de Descartes.">Sur le prisme métaphysique de Descartes.</a>
Language of a work English
245 10 - TITLE STATEMENT
Title On Descartes' metaphysical prism :
Remainder of title the constitution and the limits of onto-theo-logy in Cartesian thought /
Statement of responsibility, etc Jean-Luc Marion ; translated by Jeffrey L. Kosky.
260 ## - PUBLICATION, DISTRIBUTION, ETC. (IMPRINT)
Place of publication, distribution, etc Chicago :
Name of publisher, distributor, etc University of Chicago Press,
Date of publication, distribution, etc 1999.
300 ## - PHYSICAL DESCRIPTION
Extent xvii, 370 p. ;
Dimensions 24 cm.
504 ## - BIBLIOGRAPHY, ETC. NOTE
Bibliography, etc Includes bibliographical references (p. 353-356) and index.
600 10 - SUBJECT ADDED ENTRY--PERSONAL NAME
Personal name Descartes, René,
Dates associated with a name 1596-1650.
9 (RLIN) 4894
650 #0 - SUBJECT ADDED ENTRY--TOPICAL TERM
Topical term or geographic name as entry element Metaphysics.
9 (RLIN) 21102
906 ## - LOCAL DATA ELEMENT F, LDF (RLIN)
a 7
b cbc
c orignew
d 1
e ocip
f 19
g y-gencatlg
942 ## - ADDED ENTRY ELEMENTS (KOHA)
Source of classification or shelving scheme Library of Congress Classification
Item type Monograph ( Printed materials)
Holdings
Withdrawn status Lost status Source of classification or shelving scheme Damaged status Not for loan Collection code Home library Current library Shelving location Date acquired Total Checkouts Full call number Barcode Date last seen Date last borrowed Price effective from Koha item type
    Library of Congress Classification     Main Collection ARRUPE LIBRARY ARRUPE LIBRARY Main Collection 12/11/2015 1 B1878.M5 M3713 1999 46500005598 17/05/2016 25/04/2016 12/11/2015 Monograph ( Printed materials)

 

Arrupe Library. PO Box MP320 Mt Pleasant, Harare, Zimbabwe
263 242 745411|librarian@aju.ac.zw